La fuente de la vida = The Fountain /

Drama de ciencia-ficción centrado en los temas del amor y la muerte a partir de tres historias entrelazadas de la lucha de un hombre por salvar a la amada. En tres períodos de la historia de la humanidad, el mismo personaje busca, en el siglo XVI el conquistador español en la zona maya busca el árbo...

全面介紹

Guardado en:
書目詳細資料
主要作者: Aronofsky, Darren (realización)
其他作者: Aronofsky, Darren (guión) (guión), Libatique, Matthew (fotógrafo) (fotógrafo), April, Renée (vestuario) (vestuario), Rabinowitz, Jay (montaje) (montaje), Mansell, Clint (música) (música), Jackman, Hugh (actuación) (actuación), Weisz, Rachel (actuación) (actuación), Burstyn, Ellen (actuación) (actuación)
格式: 幻燈片
語言:英语
主題:
標簽: 添加標簽
沒有標簽, 成為第一個標記此記錄!

MARC

LEADER 00000ngm^a2200000^a^4500
001 000289989
005 20250521000000.0
009 20260310111954.778
037 |a Acervo ITESO - Biblioteca 
041 |a ING 
082 |a 810.  |b ARO 
100 |a Aronofsky, Darren  |e (realización) 
240 1 4 |a [La fuente de la vida] 
245 1 3 |a La fuente de la vida =  |b The Fountain /  |c Realización de D. Aronofsky. 
264 2 |a México :  |b Twentieth Century Fox [distribución],  |c 2007, c2007 
300 |a 1 DVD regiones 1 y 4 (97 min.) :  |b color 
336 |a imagen móvil bidimensional  |b tdi  |2 rdacontenido 
337 |a video  |b v  |2 rdamedio 
338 |a videodisco  |b vd  |2 rdasoporte 
520 |a Drama de ciencia-ficción centrado en los temas del amor y la muerte a partir de tres historias entrelazadas de la lucha de un hombre por salvar a la amada. En tres períodos de la historia de la humanidad, el mismo personaje busca, en el siglo XVI el conquistador español en la zona maya busca el árbol de la vida o fuente de la inmortalidad; a principios del siglo XXI, el científico la cura combatir el cáncer de cerebro de su esposa; en el siglo XXVI, el astronauta viaja por el tiempo y el espacio para comprender los misterios de la vida, la muerte y el renacimiento personal después del duelo por la pérdida del ser amado. 
546 |a En inglés, con subtítulos opcionales: español, inglés, portugués 
546 |a Doblaje opcional: español, portugués 
586 |a Diseño de Indumentaria y Moda: Premio CDGA (9°: 2007): Excelencia en Diseño de Vestuario Fantástico para Cine (finalista: Renée April) 
649 |a XX 
650 |a Mayas en el Cine 
650 |a Indígenas de América Central en el Cine 
650 |a Películas de Ciencia-Ficción 
650 |a Cine Fantástico 
650 |a Dramas Cinematográficos 
650 |a Cine Norteamericano -  |y 2000-2009 
650 |a Cine Norteamericano -  |y Siglo XXI 
650 |a Duelo 
650 |a Amor 
650 |a Relaciones de Pareja 
650 |a Relaciones Intergénero 
650 |a Inmortalidad -  |x Tema Principal 
650 |a Vida después de la Muerte 
650 |a Muerte (En Religión, Folklore, etc.) 
650 |a Destino y Fatalismo 
650 |a Viaje en el Tiempo 
650 |a Cosmogonía 
650 |a Guatemala en el Cine 
700 |a Aronofsky, Darren  |e (guión) 
700 |a Libatique, Matthew  |e (fotógrafo) 
700 |a April, Renée  |e (vestuario) 
700 |a Rabinowitz, Jay  |e (montaje) 
700 |a Mansell, Clint  |e (música) 
700 |a Jackman, Hugh  |e (actuación) 
700 |a Weisz, Rachel  |e (actuación) 
700 |a Burstyn, Ellen  |e (actuación) 
910 |a Fondo General 
920 |a Audiovisuales - DVDs 
940 |a Películas 
905 |a 302 
901 |a 0500160849  |b IT2  |c DVS  |u 20250521 
901 |a 0500170310  |b IT2  |c DVS  |i D59784  |u 20250521 
902 |a https://opac.biblio.iteso.mx/vufind/Record/000289989